000 00695nam a2200253Ia 4500
005 20260121154849.0
008 008 260114s9999 xx 000 0 eng d
020 _a9781003106487
037 _aEBOOK
040 _aCRL
040 _beng
040 _cCRL
041 _2eng
041 _aeng
084 _qCRL
100 _a Fred Busch
_91012446
245 0 _aDear Candidate: Analysts from around the World Offer Personal Reflections on Psychoanalytic Training, Education, and the Profession
260 _bTaylor and Francis
260 _c2021
856 _uhttp://www.taylorfrancis.com/books/9781003106487
942 _cEBOOK
999 _c1579265
_d1579265